Pharmaceutical calculations / (Record no. 13483)
[ view plain ]
| 000 -LEADER | |
|---|---|
| fixed length control field | 00731nam a22002657a 4500 |
| 003 - CONTROL NUMBER IDENTIFIER | |
| control field | OSt |
| 005 - DATE AND TIME OF LATEST TRANSACTION | |
| control field | 20140310182438.0 |
| 008 - FIXED-LENGTH DATA ELEMENTS--GENERAL INFORMATION | |
| fixed length control field | 130311t xxu||||| |||| 00| 0 eng d |
| 020 ## - INTERNATIONAL STANDARD BOOK NUMBER | |
| International Standard Book Number | 0683080016 |
| 050 ## - LIBRARY OF CONGRESS CALL NUMBER | |
| Classification number | RS 57 |
| Item number | .St86 1996 |
| 100 ## - MAIN ENTRY--PERSONAL NAME | |
| Personal name | Stoklossa, Mitchell J. |
| 9 (RLIN) | 7406 |
| 245 ## - TITLE STATEMENT | |
| Title | Pharmaceutical calculations / |
| Statement of responsibility, etc | Mitchell J. Stoklosa and Howard C. Ansel |
| 250 ## - EDITION STATEMENT | |
| Edition statement | 10th ed. |
| 260 ## - PUBLICATION, DISTRIBUTION, ETC. (IMPRINT) | |
| Place of publication, distribution, etc | Philadelphia : |
| Name of publisher, distributor, etc | Lea & Febiger, |
| Date of publication, distribution, etc | c1996. |
| 300 ## - PHYSICAL DESCRIPTION | |
| Dimensions | 27 cm. |
| Extent | xii, 361 p. : |
| 650 ## - SUBJECT ADDED ENTRY--TOPICAL TERM | |
| Topical term or geographic name as entry element | Weights and Measures. |
| 9 (RLIN) | 7407 |
| 650 ## - SUBJECT ADDED ENTRY--TOPICAL TERM | |
| Topical term or geographic name as entry element | Pharmacy. |
| 9 (RLIN) | 7408 |
| 650 ## - SUBJECT ADDED ENTRY--TOPICAL TERM | |
| Topical term or geographic name as entry element | Mathematics. |
| 9 (RLIN) | 210 |
| 942 ## - ADDED ENTRY ELEMENTS (KOHA) | |
| Source of classification or shelving scheme | Library of Congress Classification |
| Koha item type | |
| Withdrawn status | Lost status | Source of classification or shelving scheme | Damaged status | Home library | Current library | Shelving location | Date acquired | Source of acquisition | Total Checkouts | Total Renewals | Full call number | Barcode | Date last seen | Date checked out | Copy number | Price effective from | Koha item type |
|---|---|---|---|---|---|---|---|---|---|---|---|---|---|---|---|---|---|
| Library of Congress Classification | South SEED-LPDH College Library | South SEED-LPDH College Library | South SEED-LPDH College Section | 03/11/2013 | Donation | 2 | 3 | RS 57 .St86 1996 | SSLC0999 | 04/20/2017 | 01/05/2016 | 1 | 11/06/2013 | Books | |||
| Library of Congress Classification | South SEED-LPDH College Library | South SEED-LPDH College Library | South SEED-LPDH College Section | 03/11/2013 | 1 | RS 57 .St86 1996 | SSLC1000 | 04/20/2017 | 01/05/2016 | 2 | 11/06/2013 | Books | |||||
| Library of Congress Classification | South SEED-LPDH College Library | South SEED-LPDH College Library | South SEED-LPDH College Section | 03/11/2013 | 1 | RS 57 .St86 1996 | SSLC1001 | 05/10/2017 | 11/12/2014 | 3 | 11/06/2013 | Books | |||||
| Library of Congress Classification | South SEED-LPDH College Library | South SEED-LPDH College Library | South SEED-LPDH College Section | 03/11/2013 | 1 | 4 | RS 57 .St86 1996 | SSLC1002 | 05/10/2017 | 01/05/2016 | 4 | 11/06/2013 | Books | ||||
| Library of Congress Classification | South SEED-LPDH College Library | South SEED-LPDH College Library | South SEED-LPDH College Section | 08/03/2013 | 4 | 51 | RS 57 .St86 1996 | SSLC1003 | 02/27/2019 | 02/07/2018 | 5 | 08/03/2013 | Books |